000 00623nam a2200253Ia 4500
005 20260121154841.0
008 008 260114s9999 xx 000 0 eng d
020 _a9780429294440
037 _aEBOOK
040 _aCRL
040 _beng
040 _cCRL
041 _2eng
041 _aeng
084 _qCRL
100 _a Matthew Clauhs; Bryan Powell; Ann C. Clements
_91012277
245 0 _aPopular Music Pedagogies
260 _bTaylor and Francis
260 _c2021
856 _uhttp://www.taylorfrancis.com/books/9780429294440
942 _cEBOOK
999 _c1579096
_d1579096